00495nam a22001697a 450000500170000001000140001702000260003103500170005703700170007408200060009110000200009724500870011726000250020427000500022930000210027970000250030020171109094742.0 a1718CH-EN a9781846884092c299.00 aB-672898-910 aDPLbPragati aN aFunaro, Gregory aAlistair grim's odd aquaticum / cby Gregory Funaro and illustrated by Adam Stower bAlma BooksaUKc2016 a3 Castle Yard, Richmond, Surrey TW10 6 TFbUK a346p.c21cm(pbk) aStower, Adam eill.